[Event "Lugano Special Edition op 19th"]
[Site "Lugano"]
[Date "2021.03.12"]
[Round "1"]
[White "Dorofeev, Arseniy"]
[Black "Schmidig, Jean Claude"]
[Result "0-1"]
[WhiteElo "1330"]
[BlackElo "1877"]
[PlyCount "46"]
[EventDate "2021.03.12"]
[EventType "swiss"]
[EventRounds "5"]
[EventCountry "SUI"]
[SourceTitle "CBM 201 Extra"]
[Source "ChessBase"]
[SourceDate "2021.05.31"]
[SourceVersion "1"]
[SourceVersionDate "2021.05.31"]
[SourceQuality "1"]

1. e4 d6 2. d4 Nf6 3. Nc3 g6 4. Bg5 Bg7 5. Qd2 0-0 6. 0-0-0 Bd7 7. e5 Ne8 8. Bh6 Nc6 9. Bxg7 Nxg7 10. f4 dxe5 11. d5 Nb4 12. a3 a5 13. axb4 axb4 14. Nb1 b3 15. cxb3 Bf5 16. fxe5 Ra1 17. Bd3 Qa8 18. Bxf5 Nxf5 19. Kc2 Rd8 20. Qe1 Qa7 21. Nc3 Qc5 22. Kd2 Rxd5+ 23. Ke2 Rxe5+ 0-1